| 000 | 00391nam a22001457a 4500 | ||
|---|---|---|---|
| 003 | OSt | ||
| 008 | 231016b |||||||| |||| 00| 0 eng d | ||
| 020 | _a9781543346015 | ||
| 100 | _aGAWALI,RAHUL.W | ||
| 245 | _aPRACTICAL MANUAL OF HOSPITAL AND CLINICAL PHARMACY | ||
| 260 |
_aJALENDER _bS.VIKAS AND CO. _c2022 |
||
| 300 | _a62 | ||
| 650 | _aHOSPITAL AND CLINICAL PHARMACY | ||
| 942 |
_2ddc _cBK |
||
| 999 |
_c12094 _d12094 |
||